LEADER 01105nam a2200289 i 4500 001 000000156923 003 CaOOAMICUS 005 20220513153414.0 008 061218s1954 it u000 u ita u 013 $a134278 040 $aSeMil$bita 100 1 $aMelville, Herman,$d<1819-1891>.$0(OLS)http://semarc/name/1208 245 10$aRacconti /$cHerman Melville ; traduzione di Enzo Giachino. 264 1$aTorino :$bEinaudi,$c1954. 300 $aXX, 601 p. ;$c23 cm. 490 1 $aI millenni ;$v24 541 0 $aFondo Ciprandi (1U IV 10) 650 4$aMelville, Herman <1819-1891> - Opere.$0(OLS)http://semarc/subject/30332 700 1 $aGiachino, Enzo,$d<1905-1991>.$0(OLS)http://semarc/name/17406 830 2$aI millenni ;$v24.$0(OLS)http://semarc/title/7877 850 $aSeMil 852 $aSeMil$W1$xVenegono$y1$m1U IV 10$j108656$B108656$CSeMilBibl$Z2$F118220 $81 941 1 $a1 961 $aOmaggio: Ciprandi dott. Paolo 996 $6245$aRacconti$9(OLS)http://semarc/title/9309 996 $6264$aTorino :$bEinaudi$9(OLS)http://semarc/publisher/29884 LEADER 02376nam a2200313 i 4500 001 000000098973 003 CaOOAMICUS 005 20231006103204.0 008 171027s1743 it u000 u lat u 026 $etii- i-u- isi- LuJa (3) 1743 (R) 040 $aSeMil$bita 110 2 $aMilano$c.$0(OLS)http://semarc/name/72392 245 10$aOrdines excellentissimi Senatus Mediolani ab anno 1490 usque ad annum 1639 collecti, et scholiis ornati ab olim j. c. Angelo Stephano Garono additis ordinibus ... ab anno vero 1639 usque ad annum 1743 collecti ... ab ... j. c. don Joanne Petro Carlio. .. et a sociis Mediolanensis Athenaei nec non perutilibus annotationibus illustrati ab egregio j. c. et advocato Pio Antonio Mogno Fossato .. 264 1$aMediolani :$bIn Curia Regia, sumptibus Joseph Richini Malatestae regii ducalis typographi,$c1743. 300 $a[12], 617, [3] p. ;$cfol. 500 $aTesto du due colonne 500 $aSegn.: pg2 *4 A-4H4 chi2 500 $aTestata calcogr. a c. *1v con ritratto del dedicatario 500 $aFront. stampato in rosso e nero con vignetta calcogr. (tre putti reggono rispettivamente una bilancia, una corona d'alloro e spada e un codice) sottoscritta: "M.A. DalRe" 700 1 $aCarli, Giovanni Pietro.$0(OLS)http://semarc/name/92571 700 1 $aGaroni, Angelo Stefano,$d.$0(OLS)http://semarc/name/92572 700 1 $aDal Re, Marc'Antonio .$0(OLS)http://semarc/name/90227 700 1 $aMognus Fossatus, Pius Antonius.$0(OLS)http://semarc/name/92573 700 1 $aMalatesta, Giuseppe Richino,$c.$0(OLS)http://semarc/name/15115 850 $aSeMil 852 $aSeMil$W1$xVenegono$y1$m3O VI 62 FA$j56655$B56655$CSeMilBibl$Z2$F66484 $8I 996 $6245$aOrdines excellentissimi Senatus Mediolani ab anno 1490 usque ad annum 1639 collecti, et scholiis ornati ab olim j. c. Angelo Stephano Garono additis ordinibus ... ab anno vero 1639 usque ad annum 1743 collecti ... ab ... j. c. don Joanne Petro Carlio. .. et a sociis Mediolanensis Athenaei nec non perutilibus annotationibus illustrati ab egregio j. c. et advocato Pio Antonio Mogno Fossato ..$9(OLS)http://semarc/title/406401 996 $6264$aMediolani :$bIn Curia Regia, sumptibus Joseph Richini Malatestae regii ducalis typographi$9(OLS)http://semarc/publisher/56892